• 首页
  • 本馆介绍
  • 公告通知
  • 最新文献
  • 馆藏检索
  • 电子资源
  • 读者导购
  • 参考咨询
  • 我的图书馆
  • 登录
  • 详细信息显示
  • 放入我的书架
  • 预约/预借图书
  • 作者相关作品
  • 分类相关作品
  • 丛书相关作品
  • 出版社相关作品

书目信息

  • 表格格式
  • 工作单格式
  • 卡片格式
题名:
跟中医学如何诊病
    
 
作者: 梁振钰 主编
分册:  
出版信息: 哈尔滨   黑龙江科学技术出版社  2019.09
页数: 182页
开本: 24cm
丛书名:
单 册:
中图分类: R22 , R241
科图分类:
主题词: 中医医学基础--zhong yi yi xue ji chu , 中医诊断学--zhong yi zhen duan xue--基本知识
电子资源:
ISBN: 978-7-5388-9981-8
000 01041nam0 2200265 450
001 CAL 0120192833114
005 20230217093111.0
010    @a978-7-5388-9981-8@dCNY39.80
100    @a20190816d2019 em y0chiy0120 ea
101 0  @achi
102    @aCN@b230000
105    @aak z 000yy
106    @ar
200 1  @a跟中医学如何诊病@Agen zhong yi xue ru he zhen bing@f梁振钰主编
210    @a哈尔滨@c黑龙江科学技术出版社@d2019.09
215    @a182页@c彩图@d24cm
314    @a梁振钰, 毕业于长春中医药大学。
330    @a本书以中医基础理论及中医诊断学为基础, 开篇介绍中医基础知识, 再分别从四诊、八纲、辨证一一介绍中医诊病的方法、过程与思维, 着重于中医辨证思维的培养, 让更多的读者能从中学习到中医诊病的精髓, 最后将辨证思维与学习内容相结合, 通过对临床常见病的的辨证得以实践。
606 0  @a中医医学基础@Azhong yi yi xue ji chu
606 0  @a中医诊断学@Azhong yi zhen duan xue@x基本知识
690    @aR22@v5
690    @aR241@v5
701  0 @a梁振钰@Aliang zhen yu@4主编
801  0 @aCN@bBJXHZP@c20230222
905    @b1379122-5@dR22@e612@f4
    
    跟中医学如何诊病/梁振钰主编.-哈尔滨:黑龙江科学技术出版社,2019.09
    182页:彩图;24cm
    
    
    ISBN 978-7-5388-9981-8:CNY39.80
    本书以中医基础理论及中医诊断学为基础, 开篇介绍中医基础知识, 再分别从四诊、八纲、辨证一一介绍中医诊病的方法、过程与思维, 着重于中医辨证思维的培养, 让更多的读者能从中学习到中医诊病的精髓, 最后将辨证思维与学习内容相结合, 通过对临床常见病的的辨证得以实践。
●
相关链接 在E读中查询图书 在五车中查询图书 在当当中查询图书 在豆瓣中查询图书


正题名:跟中医学如何诊病     索取号:R22/612         预约/预借

序号 登录号 条形码 馆藏地/架位号 状态 备注
1 1379122   213791226   第二样本阅览室/ [索取号:R22/612] 在馆    
2 1379123   213791235   第三借阅区/ [索取号:R22/612] 已借出,限还日期为2026.03.19
借出人:孙小杰  
 
3 1379124   213791244   第三借阅区/ [索取号:R22/612] 在馆    
4 1379125   213791253   第三借阅区/ [索取号:R22/612] 已借出,限还日期为2026.06.11
借出人:任翠香  
 
唐山师范学院图书馆 欢迎您!
大连网信软件有限公司© 版权所有